000 01320nam a2200361 a 4500
001 000109011
003 CHAP
005 20220329144033.0
008 140328s2013 mx | |sm |||||||spa|d
010 _a105473
011 _a106445
040 _cCHAP
090 _aTesis
100 1 _aAyala Solís, Wendy Paulina
_9126091
245 1 0 _aAnálisis de la operadora logística MERCOMEX de Nestlé Chile
_h[En línea]
_cpor Wendy Paulina Ayala Solís.
260 _aChapingo, Méx. :
_bEl autor,
_c2013.
500 _aPara ver el contenido del material haga clic en la liga
502 _aTesis (Lic. en Comercio Internacional de Productos Agropecuarios) -- UACH. División de Ciencias Económico Administrativas
590 _aBATCH-UPD
_b05
_c20141002
_lUCH01
_h0859
590 _aBATCH
_b00
_c20181121
_lUCH01
_h0758
590 _aE792CSJ
_b05
_c20140328
_lUCH01
_h0851
590 _aE792CSJ
_b05
_c20140328
_lUCH01
_h0851
650 1 4 _aComercio exterior
_xChile.
_925631
650 1 4 _aEmpresas
_xChile.
_936639
650 1 4 _aLogística empresarial.
_967474
650 1 4 _aProducción
_xControl de la.
_991858
700 1 _aPonce de León Pérez, Karen
_9126092
856 _a1
_n0000671
856 _aFinding aid
_uhttp://10.13.5.2/tesis/sist109011.pdf
_zTeclea aquí
901 _aBK
942 _cTESIS
942 _n0
999 _c105473
_d105473